[Event "Istanbul Open 2019"]
[Site "Istanbul"]
[Date "2019.09.01"]
[Round "9.14"]
[White "Ozbay, Ece"]
[Black "Demirbas, Emre"]
[Result "0-1"]
[WhiteElo "2125"]
[BlackElo "1879"]
[Annotator "NA"]
[PlyCount "164"]
[EventDate "2019.08.26"]
[EventType "swiss"]
[EventCountry "TUR"]
[SourceTitle "playchess.com"]
[Source "ChessBase"]
[SourceQuality "1"]
[TimeControl "5400+30"]

1. e4 {[%emt 0:43:30]} c5 {[%emt 0:24:30]} 2. Nf3 {[%emt 0:00:30]} e6 {[%emt 0:00:30]} 3. d4 {[%emt 0:00:30]} cxd4 {[%emt 0:00:30]} 4. Nxd4 {[%emt 0:00:30]} Nf6 {[%emt 0:00:30]} 5. Bd3 {[%emt 0:00:30]} Nc6 {[%emt 0:00:30]} 6. Nxc6 {[%emt 0:00:30]} bxc6 {[%emt 0:00:30]} 7. O-O {[%emt 0:00:30]} d5 {[%emt 0:00:30]} 8. e5 {[%emt 0:00:30]} Nd7 {[%emt 0:00:30]} 9. Re1 {[%emt 0:00:30]} Qc7 {[%emt 0:00:30]} 10. Qe2 {[%emt 0:00:30]} Be7 {[%emt 0:00:30]} 11. c3 {[%emt 0:00:30]} Rb8 {[%emt 0:00:30]} 12. Nd2 {[%emt 0:00:30]} Nc5 {[%emt 0:00:30]} 13. Bc2 {[%emt 0:00:30]} Ba6 {[%emt 0:00:30]} 14. Qg4 {[%emt 0:00:30]} g6 {[%emt 0:00:30]} 15. Re3 {[%emt 0:00:30]} h5 {[%emt 0:00:30]} 16. Qf4 {[%emt 0:00:30]} f5 {[%emt 0:00:30]} 17. h4 {[%emt 0:00:30]} Kd7 {[%emt 0:00:30]} 18. Nf3 {[%emt 0:00:30]} Ne4 {[%emt 0:00:30]} 19. Ng5 {[%emt 0:00:30]} Rbf8 {[%emt 0:00:30]} 20. Bd3 {[%emt 0:00:30]} Qb6 {[%emt 0:00:30]} 21. Bxa6 {[%emt 0:00:30]} Qxa6 {[%emt 0:00:30]} 22. Re1 {[%emt 0:00:30]} Nxg5 {[%emt 0:00:30]} 23. hxg5 {[%emt 0:00:30]} h4 {[%emt 0:00:30]} 24. Be3 {[%emt 0:00:30]} Rh5 {[%emt 0:00:30]} 25. Qd4 {[%emt 0:00:30]} c5 {[%emt 0:00:30]} 26. Qd2 {[%emt 0:00:30]} Qc4 {[%emt 0:00:30]} 27. Bf4 {[%emt 0:00:30]} Rd8 {[%emt 0:00:30]} 28. b3 {[%emt 0:00:30]} Qa6 {[%emt 0:00:30]} 29. Rad1 {[%emt 0:00:30]} Ke8 {[%emt 0:00:30]} 30. Kh2 {[%emt 0:00:30]} Kf7 {[%emt 0:00:30]} 31. Be3 {[%emt 0:00:30]} Qc6 {[%emt 0:00:30]} 32. f3 {[%emt 0:00:30]} h3 {[%emt 0:00:30]} 33. g4 {[%emt 0:00:30]} fxg4 {[%emt 0:00:30]} 34. fxg4 {[%emt 0:00:30]} Rhh8 {[%emt 0:00:30]} 35. Rf1+ {[%emt 0:00:30]} Kg7 {[%emt 0:00:30]} 36. Qf2 {[%emt 0:00:30]} Rdf8 {[%emt 0:00:30]} 37. Qg3 {[%emt 0:00:30]} Qa6 {[%emt 0:00:30]} 38. Rxf8 {[%emt 0:00:30]} Rxf8 {[%emt 0:00:30]} 39. Rd2 {[%emt 0:00:30]} d4 {[%emt 0:00:30]} 40. cxd4 {[%emt 0:00:30]} cxd4 {[%emt 0:00:30]} 41. Bxd4 {[%emt 0:00:30]} Bxg5 {[%emt 0:00:30]} 42. Be3 {[%emt 0:00:30]} Be7 {[%emt 0:00:30]} 43. Rf2 {[%emt 0:00:30]} Rxf2+ {[%emt 0:00:30]} 44. Qxf2 {[%emt 0:00:30]} Qd3 {[%emt 0:00:30]} 45. Qg3 {[%emt 0:00:30]} Qe2+ {[%emt 0:00:30]} 46. Kxh3 {[%emt 0:00:30]} Qxa2 {[%emt 0:00:30]} 47. Bf2 {[%emt 0:00:30]} Bg5 {[%emt 0:00:30]} 48. Kg2 {[%emt 0:00:30]} Qe2 {[%emt 0:00:30]} 49. Kh3 {[%emt 0:00:30]} Qe4 {[%emt 0:00:30]} 50. Qg1 {[%emt 0:00:30]} Bf4 {[%emt 0:00:30]} 51. Bg3 {[%emt 0:00:30]} Be3 {[%emt 0:00:30]} 52. Qf1 {[%emt 0:00:30]} Bg5 {[%emt 0:00:30]} 53. Qg2 {[%emt 0:00:30]} Qb1 {[%emt 0:00:30]} 54. Qf3 {[%emt 0:00:30]} a5 {[%emt 0:00:30]} 55. Bf2 {[%emt 0:00:30]} Qf1+ {[%emt 0:00:30]} 56. Qg2 {[%emt 0:00:30]} Qd3+ {[%emt 0:00:30]} 57. Qg3 {[%emt 0:00:30]} Qe4 {[%emt 0:00:30]} 58. Qg1 {[%emt 0:00:30]} Bf4 {[%emt 0:00:30]} 59. Bg3 {[%emt 0:00:30]} Bxe5 {[%emt 0:00:30]} 60. Qa7+ {[%emt 0:00:30]} Kf6 {[%emt 0:00:30]} 61. Qf2+ {[%emt 0:00:30]} Ke7 {[%emt 0:00:30]} 62. Qa2 {[%emt 0:00:30]} Kf6 {[%emt 0:00:30]} 63. Qf2+ {[%emt 0:00:30]} Kg7 {[%emt 0:00:30]} 64. Qa2 {[%emt 0:00:30]} Kh6 {[%emt 0:00:30]} 65. Bxe5 {[%emt 0:00:30]} Qxe5 {[%emt 0:00:30]} 66. Qf2 {[%emt 0:00:30]} Qc3+ {[%emt 0:00:30]} 67. Kg2 {[%emt 0:00:30]} Kg5 {[%emt 0:00:30]} 68. Qb6 {[%emt 0:00:30]} Qd2+ {[%emt 0:00:30]} 69. Kh3 {[%emt 0:00:30]} Qd3+ {[%emt 0:00:30]} 70. Kg2 {[%emt 0:00:30]} Qe2+ {[%emt 0:00:30]} 71. Kh1 {[%emt 0:00:30]} Qe1+ {[%emt 0:00:30]} 72. Kg2 {[%emt 0:00:30]} Kxg4 {[%emt 0:00:30]} 73. Qd4+ {[%emt 0:00:30]} Kf5 {[%emt 0:00:30]} 74. Qd8 {[%emt 0:00:30]} Qe2+ {[%emt 0:00:30]} 75. Kg1 {[%emt 0:00:30]} Qe4 {[%emt 0:00:30]} 76. Qxa5+ {[%emt 0:00:30]} Kg4 {[%emt 0:00:30]} 77. Qa4 {[%emt 0:00:30]} Kf3 {[%emt 0:00:30]} 78. Qxe4+ {[%emt 0:00:30]} Kxe4 {[%emt 0:00:30]} 79. Kf2 {[%emt 0:00:30]} Kd4 {[%emt 0:00:30]} 80. Kf3 {[%emt 0:00:30]} Kc3 {[%emt 0:00:30]} 81. Ke4 {[%emt 0:00:30]} Kxb3 {[%emt 0:00:30]} 82. Ke5 {[%emt 0:00:30]} g5 {[%emt 0:00:30]} 0-1

[Event "Istanbul Open 2019"]
[Site "Istanbul"]
[Date "2019.09.01"]
[Round "9.15"]
[White "Pektas, Gokdeniz"]
[Black "Goekkaya, Murat Bora"]
[Result "0-1"]
[WhiteElo "1652"]
[BlackElo "1594"]
[Annotator "NA"]
[PlyCount "62"]
[EventDate "2019.08.26"]
[EventType "swiss"]
[EventCountry "TUR"]
[SourceTitle "playchess.com"]
[Source "ChessBase"]
[SourceQuality "1"]
[TimeControl "5400+30"]

1. d4 {[%emt 0:03:30]} Nf6 {[%emt 0:14:30]} 2. c4 {[%emt 0:00:30]} e6 {[%emt 0:00:30]} 3. Nc3 {[%emt 0:00:30]} Bb4 {[%emt 0:00:30]} 4. Qc2 {[%emt 0:00:30]} O-O {[%emt 0:00:30]} 5. a3 {[%emt 0:00:30]} Bxc3+ {[%emt 0:00:30]} 6. Qxc3 {[%emt 0:00:30]} Ne4 {[%emt 0:00:30]} 7. Qc2 {[%emt 0:00:30]} f5 {[%emt 0:00:30]} 8. g3 {[%emt 0:00:30]} b6 {[%emt 0:00:30]} 9. f3 {[%emt 0:00:30]} Nf6 {[%emt 0:00:30]} 10. Bg2 {[%emt 0:00:30]} Bb7 {[%emt 0:00:30]} 11. Nh3 {[%emt 0:00:30]} Nc6 {[%emt 0:00:30]} 12. Be3 {[%emt 0:00:30]} Qe7 {[%emt 0:00:30]} 13. Rd1 {[%emt 0:00:30]} Rae8 {[%emt 0:00:30]} 14. O-O {[%emt 0:00:30]} e5 {[%emt 0:00:30]} 15. d5 {[%emt 0:00:30]} Nd4 {[%emt 0:00:30]} 16. Bxd4 {[%emt 0:00:30]} exd4 {[%emt 0:00:30]} 17. Rfe1 {[%emt 0:00:30]} c6 {[%emt 0:00:30]} 18. Qd3 {[%emt 0:00:30]} c5 {[%emt 0:00:30]} 19. Qd2 {[%emt 0:00:30]} Ba6 {[%emt 0:00:30]} 20. b3 {[%emt 0:00:30]} Qe3+ {[%emt 0:00:30]} 21. Qxe3 {[%emt 0:00:30]} Rxe3 {[%emt 0:00:30]} 22. Rd3 {[%emt 0:00:30]} Nxd5 {[%emt 0:00:30]} 23. Nf2 {[%emt 0:00:30]} Rfe8 {[%emt 0:00:30]} 24. Bf1 {[%emt 0:00:30]} Kf7 {[%emt 0:00:30]} 25. Rc1 {[%emt 0:00:30]} Nc3 {[%emt 0:00:30]} 26. Rc2 {[%emt 0:00:30]} Nxe2+ {[%emt 0:00:30]} 27. Bxe2 {[%emt 0:00:30]} Rxe2 {[%emt 0:00:30]} 28. Rxe2 {[%emt 0:00:30]} Rxe2 {[%emt 0:00:30]} 29. Kf1 {[%emt 0:00:30]} Re7 {[%emt 0:00:30]} 30. Rd2 {[%emt 0:00:30]} d5 {[%emt 0:00:30]} 31. Rc2 {[%emt 0:00:30]} Re3 {[%emt 0:00:30]} 0-1

[Event "Istanbul Open 2019"]
[Site "Istanbul"]
[Date "2019.09.01"]
[Round "9.16"]
[White "Can, Ilhan"]
[Black "Ozbag, Berat"]
[Result "1/2-1/2"]
[WhiteElo "1683"]
[BlackElo "1663"]
[Annotator "NA"]
[PlyCount "71"]
[EventDate "2019.08.26"]
[EventType "swiss"]
[EventCountry "TUR"]
[SourceTitle "playchess.com"]
[Source "ChessBase"]
[SourceQuality "1"]
[TimeControl "5400+30"]

1. e4 {[%emt 0:05:30]} c5 {[%emt 0:11:30]} 2. Nf3 {[%emt 0:00:30]} d6 {[%emt 0:00:30]} 3. c3 {[%emt 0:00:30]} Nf6 {[%emt 0:00:30]} 4. Be2 {[%emt 0:00:30]} Bd7 {[%emt 0:00:30]} 5. d3 {[%emt 0:00:30]} g6 {[%emt 0:00:30]} 6. h3 {[%emt 0:00:30]} Bg7 {[%emt 0:00:30]} 7. Be3 {[%emt 0:00:30]} O-O {[%emt 0:00:30]} 8. Qd2 {[%emt 0:00:30]} Nc6 {[%emt 0:00:30]} 9. Bh6 {[%emt 0:00:30]} e5 {[%emt 0:00:30]} 10. Bg5 {[%emt 0:00:30]} Be6 {[%emt 0:00:30]} 11. O-O {[%emt 0:00:30]} Qc7 {[%emt 0:00:30]} 12. Nh4 {[%emt 0:00:30]} d5 {[%emt 0:00:30]} 13. Qe3 {[%emt 0:00:30]} b6 {[%emt 0:00:30]} 14. f4 {[%emt 0:00:30]} h6 {[%emt 0:00:30]} 15. Bxf6 {[%emt 0:00:30]} Bxf6 {[%emt 0:00:30]} 16. f5 {[%emt 0:00:30]} Bg5 {[%emt 0:00:30]} 17. Qg3 {[%emt 0:00:30]} Bf4 {[%emt 0:00:30]} 18. Rxf4 {[%emt 0:00:30]} exf4 {[%emt 0:00:30]} 19. Qg4 {[%emt 0:00:30]} Ne5 {[%emt 0:00:30]} 20. Qxf4 {[%emt 0:00:30]} g5 {[%emt 0:00:30]} 21. Qg3 {[%emt 0:00:30]} Kh7 {[%emt 0:00:30]} 22. Nf3 {[%emt 0:00:30]} Nxf3+ {[%emt 0:00:30]} 23. Qxf3 {[%emt 0:00:30]} dxe4 {[%emt 0:00:30]} 24. dxe4 {[%emt 0:00:30]} Bd7 {[%emt 0:00:30]} 25. Nd2 {[%emt 0:00:30]} Bc6 {[%emt 0:00:30]} 26. f6 {[%emt 0:00:30]} Qf4 {[%emt 0:00:30]} 27. Qxf4 {[%emt 0:00:30]} gxf4 {[%emt 0:00:30]} 28. Bg4 {[%emt 0:00:30]} Kg6 {[%emt 0:00:30]} 29. e5 {[%emt 0:00:30]} h5 {[%emt 0:00:30]} 30. Bf3 {[%emt 0:00:30]} Bxf3 {[%emt 0:00:30]} 31. Nxf3 {[%emt 0:00:30]} Rad8 {[%emt 0:00:30]} 32. Re1 {[%emt 0:00:30]} Rfe8 {[%emt 0:00:30]} 33. Nh4+ {[%emt 0:00:30]} Kg5 {[%emt 0:00:30]} 34. Nf3+ {[%emt 0:00:30]} Kf5 {[%emt 0:00:30]} 35. Nh4+ {[%emt 0:00:30]} Ke6 {[%emt 0:00:30]} 36. Nf3 {[%emt 0:00:30]} 1/2-1/2

[Event "Istanbul Open 2019"]
[Site "Istanbul"]
[Date "2019.09.01"]
[Round "9.17"]
[White "Torun, Ufuk"]
[Black "Hakkaki Fard, Pedram"]
[Result "0-1"]
[WhiteElo "1568"]
[BlackElo "1720"]
[Annotator "NA"]
[PlyCount "96"]
[EventDate "2019.08.26"]
[EventType "swiss"]
[EventCountry "TUR"]
[SourceTitle "playchess.com"]
[Source "ChessBase"]
[SourceQuality "1"]
[TimeControl "5400+30"]

1. e4 {[%emt 0:22:30]} e5 {[%emt 0:42:30]} 2. Nf3 {[%emt 0:00:30]} Nf6 {[%emt 0:00:30]} 3. Nc3 {[%emt 0:00:30]} Nc6 {[%emt 0:00:30]} 4. a3 {[%emt 0:00:30]} a6 {[%emt 0:00:30]} 5. d4 {[%emt 0:00:30]} exd4 {[%emt 0:00:30]} 6. Nxd4 {[%emt 0:00:30]} Bc5 {[%emt 0:00:30]} 7. Be3 {[%emt 0:00:30]} Nxd4 {[%emt 0:00:30]} 8. Bxd4 {[%emt 0:00:30]} Qe7 {[%emt 0:00:30]} 9. Bxc5 {[%emt 0:00:30]} Qxc5 {[%emt 0:00:30]} 10. Bd3 {[%emt 0:00:30]} d6 {[%emt 0:00:30]} 11. O-O {[%emt 0:00:30]} O-O {[%emt 0:00:30]} 12. Nd5 {[%emt 0:00:30]} Nxd5 {[%emt 0:00:30]} 13. exd5 {[%emt 0:00:30]} b5 {[%emt 0:00:30]} 14. b4 {[%emt 0:00:30]} Qc3 {[%emt 0:00:30]} 15. Re1 {[%emt 0:00:30]} Bb7 {[%emt 0:00:30]} 16. Re3 {[%emt 0:00:30]} Qf6 {[%emt 0:00:30]} 17. Rb1 {[%emt 0:00:30]} Rae8 {[%emt 0:00:30]} 18. Be4 {[%emt 0:00:30]} Re5 {[%emt 0:00:30]} 19. Qd3 {[%emt 0:00:30]} g6 {[%emt 0:00:30]} 20. Rbe1 {[%emt 0:00:30]} Rfe8 {[%emt 0:00:30]} 21. g3 {[%emt 0:00:30]} R5e7 {[%emt 0:00:30]} 22. Kg2 {[%emt 0:00:30]} Bc8 {[%emt 0:00:30]} 23. h4 {[%emt 0:00:30]} h5 {[%emt 0:00:30]} 24. c3 {[%emt 0:00:30]} Bg4 {[%emt 0:00:30]} 25. c4 {[%emt 0:00:30]} bxc4 {[%emt 0:00:30]} 26. Qc3 {[%emt 0:00:30]} Qxc3 {[%emt 0:00:30]} 27. Rxc3 {[%emt 0:00:30]} Rxe4 {[%emt 0:00:30]} 28. Rxe4 {[%emt 0:00:30]} Rxe4 {[%emt 0:00:30]} 29. f3 {[%emt 0:00:30]} Rd4 {[%emt 0:00:30]} 30. fxg4 {[%emt 0:00:30]} hxg4 {[%emt 0:00:30]} 31. Kf2 {[%emt 0:00:30]} f5 {[%emt 0:00:30]} 32. Ke3 {[%emt 0:00:30]} Re4+ {[%emt 0:00:30]} 33. Kf2 {[%emt 0:00:30]} Rd4 {[%emt 0:00:30]} 34. Ke3 {[%emt 0:00:30]} Rxd5 {[%emt 0:00:30]} 35. Rxc4 {[%emt 0:00:30]} c5 {[%emt 0:00:30]} 36. bxc5 {[%emt 0:00:30]} Rxc5 {[%emt 0:00:30]} 37. Ra4 {[%emt 0:00:30]} a5 {[%emt 0:00:30]} 38. Kf4 {[%emt 0:00:30]} Kf7 {[%emt 0:00:30]} 39. Kg5 {[%emt 0:00:30]} Rc3 {[%emt 0:00:30]} 40. Rxa5 {[%emt 0:00:30]} Rxg3 {[%emt 0:00:30]} 41. a4 {[%emt 0:00:30]} Ra3 {[%emt 0:00:30]} 42. Ra7+ {[%emt 0:00:30]} Ke6 {[%emt 0:00:30]} 43. Rg7 {[%emt 0:00:30]} g3 {[%emt 0:00:30]} 44. Rxg6+ {[%emt 0:00:30]} Ke5 {[%emt 0:00:30]} 45. Kh5 {[%emt 0:00:30]} f4 {[%emt 0:00:30]} 46. a5 {[%emt 0:00:30]} Ke4 {[%emt 0:00:30]} 47. Rxd6 {[%emt 0:00:30]} g2 {[%emt 0:00:30]} 48. Rd1 {[%emt 0:00:30]} f3 {[%emt 0:00:30]} 0-1

[Event "Istanbul Open 2019"]
[Site "Istanbul"]
[Date "2019.09.01"]
[Round "9.18"]
[White "Ulas, Berkay"]
[Black "Yalcinkaya, Efe"]
[Result "1-0"]
[WhiteElo "1609"]
[BlackElo "1542"]
[Annotator "NA"]
[PlyCount "69"]
[EventDate "2019.08.26"]
[EventType "swiss"]
[EventCountry "TUR"]
[SourceTitle "playchess.com"]
[Source "ChessBase"]
[SourceQuality "1"]
[TimeControl "5400+30"]

1. c4 {[%emt 0:37:30]} c5 {[%emt 0:30:30]} 2. b3 {[%emt 0:00:30]} d6 {[%emt 0:00:30]} 3. Nf3 {[%emt 0:00:30]} e5 {[%emt 0:00:30]} 4. Nc3 {[%emt 0:00:30]} Nc6 {[%emt 0:00:30]} 5. e3 {[%emt 0:00:30]} f5 {[%emt 0:00:30]} 6. d3 {[%emt 0:00:30]} Nf6 {[%emt 0:00:30]} 7. Be2 {[%emt 0:00:30]} g6 {[%emt 0:00:30]} 8. Bb2 {[%emt 0:00:30]} Bg7 {[%emt 0:00:30]} 9. a3 {[%emt 0:00:30]} O-O {[%emt 0:00:30]} 10. Qc2 {[%emt 0:00:30]} Kh8 {[%emt 0:00:30]} 11. Rd1 {[%emt 0:00:30]} h6 {[%emt 0:00:30]} 12. O-O {[%emt 0:00:30]} g5 {[%emt 0:00:30]} 13. d4 {[%emt 0:00:30]} e4 {[%emt 0:00:30]} 14. Ne1 {[%emt 0:00:30]} cxd4 {[%emt 0:00:30]} 15. exd4 {[%emt 0:00:30]} a6 {[%emt 0:00:30]} 16. f3 {[%emt 0:00:30]} e3 {[%emt 0:00:30]} 17. f4 {[%emt 0:00:30]} g4 {[%emt 0:00:30]} 18. Bc1 {[%emt 0:00:30]} d5 {[%emt 0:00:30]} 19. Bxe3 {[%emt 0:00:30]} Qe7 {[%emt 0:00:30]} 20. Bf2 {[%emt 0:00:30]} Qxa3 {[%emt 0:00:30]} 21. Nd3 {[%emt 0:00:30]} Ne4 {[%emt 0:00:30]} 22. Nxe4 {[%emt 0:00:30]} fxe4 {[%emt 0:00:30]} 23. Ne5 {[%emt 0:00:30]} Nxe5 {[%emt 0:00:30]} 24. fxe5 {[%emt 0:00:30]} Bf5 {[%emt 0:00:30]} 25. Bh4 {[%emt 0:00:30]} Bh7 {[%emt 0:00:30]} 26. Qc3 {[%emt 0:00:30]} dxc4 {[%emt 0:00:30]} 27. Bxc4 {[%emt 0:00:30]} Rfc8 {[%emt 0:00:30]} 28. Ra1 {[%emt 0:00:30]} Rxc4 {[%emt 0:00:30]} 29. Qxc4 {[%emt 0:00:30]} Qb2 {[%emt 0:00:30]} 30. Bf6 {[%emt 0:00:30]} Bxf6 {[%emt 0:00:30]} 31. exf6 {[%emt 0:00:30]} e3 {[%emt 0:00:30]} 32. f7 {[%emt 0:00:30]} Be4 {[%emt 0:00:30]} 33. f8=Q+ {[%emt 0:00:30]} Rxf8 {[%emt 0:00:30]} 34. Rxf8+ {[%emt 0:00:30]} Kg7 {[%emt 0:00:30]} 35. Qf7# {[%emt 0:00:30]} 1-0